Μέγα λεξικόν ρημάτων

Αποθηκεύτηκε σε:
Λεπτομέρειες βιβλιογραφικής εγγραφής
Άλλοι συγγραφείς: Κρήτος, Γεώργιος (Επιμελητής έκδοσης), Κεσόπουλος, Αριστείδης (Επιμελητής έκδοσης)
Μορφή: Βιβλίο
Γλώσσα:Greek
Δημοσίευση: Θεσσαλονίκη : Θεόδωρος Κοντέος, 1971
Έκδοση:3η έκδ.
Θέματα:
Ετικέτες: Προσθήκη ετικέτας
Δεν υπάρχουν, Καταχωρήστε ετικέτα πρώτοι!

MARC

LEADER 00000cam a2200000 i 4500
001 1/89205
008 051116s1971 gre d
035 |l 10081272 
040 |a GR-MY-UA  |b gre  |e aacr 
041 0 |a gre 
082 0 |a 483  |2 (22) 
245 1 0 |a Μέγα λεξικόν ρημάτων /  |c γενική εποπτεία: Γεωργίου Κρήτου ; φιλολογική και εκδοτική επιμέλεια: Αριστείδου Κεσσοπούλου [κ.ά.]... 
250 |a 3η έκδ. 
260 |a Θεσσαλονίκη :   |b Θεόδωρος Κοντέος,   |c 1971 
300 |a 3 τ.;  |c 25 εκ. 
505 0 |a Τ.1. Α-Θ. - τ.2. Ι-Σ. - τ.3. Τ-Ω ευρετήριον 
650 0 0 |a Greek language, Hellenistic (300 B.C.-600 A.D.)  |x Dictionaries. 
700 1 |a Κρήτος, Γεώργιος.  |4 edt 
700 1 |4 edt  |a Κεσόπουλος, Αριστείδης. 
852 |a INST  |b RHODES  |c KRI  |e 20051116  |h  483 ΜΕΓ  |p 005400022053  |q 005400022053  |t REF  |v τ.3:  |y 23  |z τ.3 
852 |a INST  |b RHODES  |c KRI  |e 20051116  |h  483 ΜΕΓ  |p 005400028681  |q 005400028681  |t REF  |v τ.1:  |y 23  |z τ.1 
852 |a INST  |b RHODES  |c KRI  |e 20051116  |h  483 ΜΕΓ  |p 005400028682  |q 005400028682  |t REF  |v τ.2:  |y 23  |z τ.2 
853 |a INST  |b RHODES  |c KRI  |h  483 ΜΕΓ 
901 |a BIBL4-2005-3 
909 |a Ρ  |b 122583 
909 |a Ρ  |b 122584 
909 |a Ρ  |b 122585 
970 |a ΚΟΖΑ  |b ΜΑΡΙΑ  |z 2005/11/16